000 00414nam a22001697a 4500
003 MACL
005 20151226131608.0
008 151226b xxu||||| |||| 00| 0 eng d
040 _cMACL
041 _aEnglish
082 _a910/LUK
100 _aLuke M.S
_922818
245 _aThe Silk Road An Ancient Trade Route
260 _aNew Delhi
_bSumit Enterprises
_c2008
650 _aHistory
_922819
942 _2ddc
_cBK
999 _c51910
_d51910